00976nam a2200241 a 450000100100000000500170001000800410002702000180006804000250008608200180011110000360012924500920016526000490025730000210030650000210032758600790034865000440042770000370047173000490050891000410055795201210059899900150071900000174920200929145703.0090626s2005 cu 001 0 spa d a9789592602083 aDO-SdBNPbspacBNPHU a778.53bC828p1 aCortés, María Lourdes9569213aLa pantalla rota :bcien años de cine en Centroamérica /cMaría Lourdes Cortés. aLa Habana, :bCasa de las Américas,c2005. a611 p. ;c21 cm. aIncluye índice aPremio de ensayo Ezequiel Martínez Estrada, Casa de las Américas, 2007 4aCinezAmérica CentralxHistoria956931 aRuffinelli, Jorgeepról.9569402aCien años de cine en Centroamérica95695 aValidado. Control de calidad MMOLINA 001052708MOaGRbGRcHDd2009-06-26iLF1l0o778.53 C828pp1749-10r2020-06-25w2020-06-25y2ZPréstamo interno c1627d1627